Bình luận khoa học hiến pháp nước Cộng hoà Xã hội Chủ nghĩa Việt Nam 2013 Sách chuyên khảo

Nội dung gồm cơ sở lý luận thực tiễn và quá trình xây dựng hiến pháp năm 2013; khái quát những điểm mới của hiến pháp năm 2013

Na minha lista:
Detalhes bibliográficos
Formato: Livro
Idioma:Undetermined
Publicado em: Hà Nội Khoa Học Xã Hội 2014
Assuntos:
Tags: Adicionar Tag
Sem tags, seja o primeiro a adicionar uma tag!
Thư viện lưu trữ: Trung tâm Học liệu Trường Đại học Cần Thơ
LEADER 00842nam a2200193Ia 4500
001 CTU_223837
008 210402s9999 xx 000 0 und d
082 |a 342.9597 
082 |b B312 
245 0 |a Bình luận khoa học hiến pháp nước Cộng hoà Xã hội Chủ nghĩa Việt Nam 2013 
245 0 |b Sách chuyên khảo 
260 |a Hà Nội 
260 |b Khoa Học Xã Hội 
260 |c 2014 
520 |a Nội dung gồm cơ sở lý luận thực tiễn và quá trình xây dựng hiến pháp năm 2013; khái quát những điểm mới của hiến pháp năm 2013 
650 |a Constitutions, state,Hiến pháp, nhà nước 
650 |z Vietnam,Việt Nam 
904 |i Tuyến 
980 |a Trung tâm Học liệu Trường Đại học Cần Thơ